书目信息 |
| 题名: |
郑愁予的诗
|
|
| 作者: | 郑愁予 著 | |
| 分册: | ||
| 出版信息: | 南京 江苏凤凰文艺出版社 2016 |
|
| 页数: | 10,282页 | |
| 开本: | 21cm | |
| 丛书名: | ||
| 单 册: | ||
| 中图分类: | I227.1 | |
| 科图分类: | ||
| 主题词: | 新诗--xin shi--诗集--中国--当代 | |
| 电子资源: | ||
| ISBN: | 978-7-5399-8479-7 | |
| 000 | 00779nam0 22002411 450 | |
| 001 | 0122100553 | |
| 005 | 20170322100553.0 | |
| 010 | @a978-7-5399-8479-7@b精装@dCNY58.00 | |
| 100 | @a20160524d2016 em y0chiy50 ea | |
| 101 | 0 | @achi |
| 102 | @aCN@b320000 | |
| 105 | @ay z 000gy | |
| 106 | @ar | |
| 200 | 1 | @a郑愁予的诗@9zheng chou yu de shi@e不惑年代选集@f郑愁予著 |
| 210 | @a南京@c江苏凤凰文艺出版社@d2016 | |
| 215 | @a10,282页@d21cm | |
| 305 | @a本著作物中文简体字版由郑愁予授权江苏凤凰文艺出版社有限公司在中国大陆地区出版 | |
| 517 | 1 | @a不惑年代选集@9bu huo nian dai xuan ji |
| 606 | 0 | @a新诗@9xin shi@x诗集@y中国@z当代 |
| 690 | @aI227.1@v5 | |
| 701 | 0 | @a郑愁予@9zheng chou yu@f(1933~)@4著 |
| 801 | 0 | @aCN@bTANGWEI@c20170308 |
| 905 | @b0957746-9@dI227.1@e402@f4 | |
| 郑愁予的诗:不惑年代选集/郑愁予著.-南京:江苏凤凰文艺出版社,2016 |
| 10,282页;21cm |
| ISBN 978-7-5399-8479-7(精装):CNY58.00 |
| ● |
| 相关链接 |
|
|
|
|
正题名:郑愁予的诗
索取号:I227.1/402
 
预约/预借
| 序号 | 登录号 | 条形码 | 馆藏地/架位号 | 状态 | 备注 |
| 1 | 0957746 | 209577466 | 第一样本阅览室/ [索取号:I227.1/402] | 在馆 | |
| 2 | 0957747 | 209577475 | 第二借阅区/ [索取号:I227.1/402] | 在馆 | |
| 3 | 0957748 | 209577484 | 第二借阅区/ [索取号:I227.1/402] | 在馆 | |
| 4 | 0957749 | 209577493 | 第二借阅区/ [索取号:I227.1/402] | 在馆 |